Miejscowości gminy Brójce - Statystyki

Ogólne statystyki
  • Ten quiz został rozwiązany 11 razy
  • Średni wynik to 11 z 18
Statystyki odpowiedzi
Odpowiedź % Poprawnych
Brójce
100%
Bukowiec
71%
Karpin
71%
Leśne Odpadki
71%
Budy Wandalińskie
57%
Giemzów
57%
Giemzówek
57%
Kotliny
57%
Kurowice
57%
Kurowice Kościelne
57%
Pałczew
57%
Posada
57%
Przypusta
57%
Stefanów
57%
Wandalin
57%
Wardzyn
57%
Wola Rakowa
57%
Wygoda
57%
Nie znaleziono quizów pasujących do podanych kryteriów
Rozkład punktacji
Procent ludzi z każdym wynikiem
Percentyl według liczby udzielonych odpowiedzi
Twoja historia wyników
Nie rozwiązałeś tego quizu